[Event "Alicante Dama Negra 4th"]
[Site "Alicante"]
[Date "2023.12.30"]
[Round "8"]
[White "Lopez Varela, Pablo"]
[Black "Pardo Ruiz, Carlos"]
[Result "1-0"]
[WhiteElo "2330"]
[BlackElo "2042"]
[PlyCount "71"]
[EventDate "2023.12.26"]
[EventType "swiss"]
[EventRounds "9"]
[EventCountry "ESP"]
[SourceTitle "CB01_2024"]
[SourceDate "2024.01.03"]
[SourceVersion "1"]
[SourceVersionDate "2024.01.03"]
[SourceQuality "1"]

1. e4 c5 2. Nf3 d6 3. Bb5+ Bd7 4. Bxd7+ Qxd7 5. c4 Nc6 6. Nc3 g6 7. d4 cxd4 8. Nxd4 Bg7 9. Be3 Nf6 10. f3 0-0 11. 0-0 a6 12. Qd3 Rac8 13. b3 Ne5 14. Qe2 b5 15. Nd5 Nxd5 16. cxd5 Rc7 17. Rac1 Rfc8 18. Qd2 h5 19. h3 Qe8 20. Rfd1 Kf8 21. Kf1 Bf6 22. Ke2 Bg7 23. Rxc7 Rxc7 24. f4 Nd7 25. Nc6 Qa8 26. Qa5 Rb7 27. Rc1 Bf6 28. g4 hxg4 29. hxg4 g5 30. fxg5 Be5 31. Rh1 Kg7 32. Qe1 Nf8 33. Qh4 Ng6 34. Qh7+ Kf8 35. Nxe5 Qe8 36. Nxg6+ 1-0

[Event "Benidorm Bali op-A"]
[Site "Benidorm"]
[Date "2023.12.06"]
[Round "7"]
[White "Pardo Ruiz, Carlos"]
[Black "De la Puerta Cresis, Javier"]
[Result "0-1"]
[WhiteElo "2042"]
[BlackElo "2177"]
[PlyCount "78"]
[EventDate "2023.12.01"]
[EventType "swiss"]
[EventRounds "9"]
[EventCountry "ESP"]
[SourceTitle "CB50_2023"]
[SourceDate "2023.12.13"]
[SourceVersion "1"]
[SourceVersionDate "2023.12.13"]
[SourceQuality "1"]

1. e4 c5 2. Nf3 d6 3. d4 cxd4 4. Nxd4 Nf6 5. Nc3 Nc6 6. Bg5 e6 7. Qd2 Be7 8. 0-0-0 0-0 9. f4 h6 10. Bh4 Bd7 11. Ndb5 d5 12. Bxf6 Bxf6 13. exd5 Nb4 14. a3 Nxd5 15. Nxd5 exd5 16. Nd4 Qb6 17. Qb4 Qc7 18. g3 Rfc8 19. Rd2 b5 20. Qb3 Rab8 21. Kb1 a5 22. Be2 a4 23. Qb4 Qd8 24. Qd6 b4 25. axb4 Be7 26. Qxd5 Bxb4 27. Rd3 Qc7 28. c4 Rd8 29. Rc1 Bc5 30. Nf5 a3 31. b3 Be6 32. Qe4 Rxd3 33. Bxd3 Rxb3+ 34. Ka2 Rb2+ 35. Ka1 Bxf5 36. Qxf5 Bd4 37. Qh7+ Kf8 38. Qh8+ Ke7 39. Re1+ Re2+ 0-1

[Event "Guardamar Esphouses op 1st"]
[Site "Guardamar del Segura"]
[Date "2023.09.05"]
[Round "3"]
[White "Sos Andreu, Eric"]
[Black "Pardo Ruiz, Carlos"]
[Result "1-0"]
[WhiteElo "2356"]
[BlackElo "1993"]
[PlyCount "133"]
[EventDate "2023.09.04"]
[EventType "swiss"]
[EventRounds "9"]
[EventCountry "ESP"]
[SourceTitle "EXT 2024"]
[Source "ChessBase"]
[SourceDate "2023.10.10"]
[SourceVersion "1"]
[SourceVersionDate "2023.10.10"]
[SourceQuality "1"]

1. d4 d5 2. c4 e6 3. Nf3 c6 4. g3 dxc4 5. Bg2 b5 6. Nc3 Bb7 7. Ne5 Qc8 8. e4 Nd7 9. Ng4 Ngf6 10. Ne3 e5 11. d5 Nc5 12. 0-0 g6 13. dxc6 Bxc6 14. Ned5 Bg7 15. b3 b4 16. Nxb4 0-0 17. Nxc6 Qxc6 18. bxc4 Rfd8 19. Nd5 Nxd5 20. cxd5 Qa6 21. Be3 Nd3 22. Qd2 Bf8 23. Rfd1 Nc5 24. f3 Rac8 25. Bh3 Rb8 26. Rac1 Na4 27. Rc6 Qb5 28. Qc2 Nb2 29. Rb1 Qd3 30. Rc3 Qxc2 31. Rxc2 Nd3 32. Rd1 Nb2 33. Rdd2 Na4 34. Bxa7 Rb1+ 35. Kg2 Bh6 36. Rd3 Ra8 37. Bf2 Nb2 38. Rb3 Rxa2 39. f4 Nc4 40. Rbc3 Rxc2 41. Rxc2 Nd6 42. fxe5 Nxe4 43. e6 fxe6 44. Bxe6+ Kf8 45. Bd4 Rd1 46. Be5 Bg5 47. Rc8+ Ke7 48. Rc7+ Ke8 49. Rxh7 Nc5 50. Bf7+ Kd8 51. h4 Rd2+ 52. Kf3 Nd3 53. Bc3 Rf2+ 54. Kg4 Be3 55. Bxg6 Nc5 56. d6 Rf8 57. Ba5+ Kc8 58. Bf5+ Kb8 59. h5 Rg8+ 60. Kf3 Bg5 61. Bb6 Rf8 62. Kg4 Rg8 63. Bg6 Be3 64. Rc7 Ne6 65. Bxe3 Nxc7 66. dxc7+ Kxc7 67. Kg5 1-0

[Event "ESP-chT CECLUB Div2"]
[Site "Linares"]
[Date "2023.08.13"]
[Round "1.27"]
[White "Ruiz Buendia, Miguel"]
[Black "Pardo Ruiz, Carlos"]
[Result "1-0"]
[WhiteElo "2198"]
[BlackElo "1980"]
[PlyCount "81"]
[EventDate "2023.08.13"]
[EventType "team-swiss"]
[EventRounds "7"]
[EventCountry "ESP"]
[SourceTitle "EXT 2024"]
[Source "ChessBase"]
[SourceDate "2023.10.10"]
[SourceVersion "1"]
[SourceVersionDate "2023.10.10"]
[SourceQuality "1"]
[WhiteTeam "Collado Villalba"]
[BlackTeam "Enric Valor CC"]
[WhiteTeamCountry "ESP"]
[BlackTeamCountry "ESP"]

1. e4 c5 2. Nf3 d6 3. d4 Nf6 4. Nc3 cxd4 5. Nxd4 g6 6. Be3 Bg7 7. f3 0-0 8. Qd2 Nc6 9. 0-0-0 d5 10. exd5 Nxd5 11. Nxc6 bxc6 12. Bd4 e5 13. Bc5 Be6 14. Ne4 Re8 15. h4 h6 16. h5 g5 17. g4 Qc7 18. Bc4 Rad8 19. Qf2 Rd7 20. Rhe1 f5 21. gxf5 Bxf5 22. Bb3 Red8 23. Ba3 Kh8 24. Nc5 Rf7 25. Qd2 Bf6 26. Qe2 Rg7 27. Ne4 Nf4 28. Qc4 Be6 29. Qc5 Rgd7 30. Rd6 Rxd6 31. Nxd6 Bxb3 32. axb3 Kh7 33. Rd1 Nxh5 34. Qc4 Nf4 35. Qe4+ Kg8 36. Qf5 Kg7 37. Ne8+ Kg8 38. Nxf6+ Kf7 39. Ne8+ Kg8 40. Rxd8 Ne2+ 41. Kb1 1-0

[Event "ESP-ch U14 rapid"]
[Site "Salobrena"]
[Date "2023.07.23"]
[Round "8"]
[White "Pardo Ruiz, Carlos"]
[Black "Tabuenca Mendataurigoitia, Daniel"]
[Result "1-0"]
[WhiteElo "1776"]
[BlackElo "2168"]
[PlyCount "145"]
[EventDate "2023.07.22"]
[EventType "swiss (rapid)"]
[EventRounds "9"]
[EventCountry "ESP"]
[SourceTitle "EXT 2024"]
[Source "ChessBase"]
[SourceDate "2023.10.10"]
[SourceVersion "1"]
[SourceVersionDate "2023.10.10"]
[SourceQuality "1"]

1. e4 c5 2. Nf3 Nc6 3. Bb5 e6 4. 0-0 Nge7 5. Re1 Nd4 6. Nc3 a6 7. Bf1 Nec6 8. d3 Be7 9. g3 0-0 10. Bg2 b5 11. a3 Bb7 12. Nxd4 cxd4 13. Ne2 e5 14. f4 d6 15. c3 dxc3 16. Nxc3 Rc8 17. Bh3 Rb8 18. b4 exf4 19. Bxf4 Bf6 20. Rc1 Nd4 21. Be3 Re8 22. Kh1 h6 23. Ne2 Nxe2 24. Qxe2 d5 25. Bg2 dxe4 26. Bf4 e3 27. Bxb8 Qxb8 28. Bxb7 Qxb7+ 29. Qg2 Qd7 30. Qc6 Qd8 31. Re2 Kh7 32. Rce1 Re6 33. Qc2 Qd5+ 34. Kg1 Bd4 35. Qa2 Qe5 36. Rf1 Kg6 37. Rf4 f5 38. Rxd4 Rc6 39. Qd5 Rc1+ 40. Kg2 Qe8 41. Qd7 Qa8+ 42. Qd5 Qe8 43. Rf4 Qc8 44. Rxe3 Rc2+ 45. Kh3 Kg5 46. Qe6 Qf8 47. Qe7+ Qxe7 48. Rxe7 g6 49. Rd4 Kf6 50. Red7 g5 51. g4 f4 52. R4d6+ Ke5 53. Rxa6 f3 54. Rf7 Rf2 55. Kg3 Rg2+ 56. Kxf3 Rxh2 57. Rf5+ Kd4 58. Rd6+ Kc3 59. Rxb5 Rh3+ 60. Kg2 Rh4 61. Kg3 Rh1 62. a4 Rg1+ 63. Kf3 Rf1+ 64. Kg2 Rf4 65. Kg3 Kb3 66. a5 Ka4 67. Rb7 Rf1 68. a6 Rg1+ 69. Kf3 Rf1+ 70. Kg2 Rf8 71. a7 Ra8 72. Ra6+ Kb3 73. Rb8 1-0

[Event "ESP-ch U14 rapid"]
[Site "Salobrena"]
[Date "2023.07.22"]
[Round "3"]
[White "Rodriguez Antequera, Biel"]
[Black "Pardo Ruiz, Carlos"]
[Result "0-1"]
[WhiteElo "1538"]
[BlackElo "1776"]
[PlyCount "78"]
[EventDate "2023.07.22"]
[EventType "swiss (rapid)"]
[EventRounds "9"]
[EventCountry "ESP"]
[SourceTitle "EXT 2024"]
[Source "ChessBase"]
[SourceDate "2023.10.10"]
[SourceVersion "1"]
[SourceVersionDate "2023.10.10"]
[SourceQuality "1"]

1. c4 e6 2. Nc3 d5 3. d4 c6 4. cxd5 exd5 5. Qc2 Bd6 6. Nf3 Ne7 7. Bg5 f6 8. Bh4 Bf5 9. Qd2 0-0 10. e3 Nd7 11. Bd3 Re8 12. 0-0 Nb6 13. Rab1 Qd7 14. Bg3 Nc4 15. Qc2 Bxg3 16. hxg3 Nd6 17. Na4 b6 18. Rfc1 Rac8 19. Nh4 Be4 20. b4 Kh8 21. Kh2 Ng8 22. Nf3 Qg4 23. Nd2 Qf5 24. Nxe4 dxe4 25. Ba6 Rc7 26. Bf1 Nh6 27. Be2 Qxf2 28. Rb3 Ndf5 29. Rf1 Qxg3+ 30. Kg1 Nxe3 31. Rxe3 Qxe3+ 32. Kh1 Qxd4 33. a3 e3 34. Rd1 Qh4+ 35. Kg1 Qf2+ 36. Kh1 Nf5 37. Qc4 Ng3+ 38. Kh2 Nxe2 39. Qc2 Qh4# 0-1

[Event "ESP-ch U14"]
[Site "Salobrena"]
[Date "2023.07.21"]
[Round "7"]
[White "Escoriza Pons, Xavier"]
[Black "Pardo Ruiz, Carlos"]
[Result "0-1"]
[WhiteElo "1734"]
[BlackElo "2030"]
[PlyCount "86"]
[EventDate "2023.07.17"]
[EventType "swiss"]
[EventRounds "9"]
[EventCountry "ESP"]
[SourceTitle "EXT 2024"]
[Source "ChessBase"]
[SourceDate "2023.10.10"]
[SourceVersion "1"]
[SourceVersionDate "2023.10.10"]
[SourceQuality "1"]

1. c4 e6 2. Nf3 d5 3. g3 d4 4. d3 c5 5. Bg2 h6 6. e3 Nc6 7. exd4 cxd4 8. 0-0 Nf6 9. Re1 Bd6 10. Nbd2 0-0 11. Ne4 Nxe4 12. Rxe4 e5 13. a3 a5 14. b3 Re8 15. Rb1 Qc7 16. Qc2 Bf5 17. Re2 Rad8 18. Nd2 Qe7 19. Ra1 Bh7 20. Ne4 f5 21. Nxd6 Qxd6 22. f3 e4 23. fxe4 fxe4 24. Bxe4 Bxe4 25. Rxe4 Rxe4 26. dxe4 d3 27. Qc3 d2 28. Bxd2 Qxd2 29. Qxd2 Rxd2 30. Rb1 Nd4 31. b4 Nf3+ 32. Kf1 Rxh2 33. Rd1 Rh1+ 34. Ke2 Rxd1 35. Kxd1 axb4 36. axb4 Ne5 37. c5 Nd3 38. Kd2 Nxb4 39. Kc3 Nc6 40. Kc4 Kf7 41. Kb5 Ke7 42. Kb6 Nd8 43. Kc7 h5 0-1

[Event "ESP-ch U14"]
[Site "Salobrena"]
[Date "2023.07.19"]
[Round "5"]
[White "Uber Gracia, Hugo"]
[Black "Pardo Ruiz, Carlos"]
[Result "1-0"]
[WhiteElo "2083"]
[BlackElo "2030"]
[PlyCount "119"]
[EventDate "2023.07.17"]
[EventType "swiss"]
[EventRounds "9"]
[EventCountry "ESP"]
[SourceTitle "EXT 2024"]
[Source "ChessBase"]
[SourceDate "2023.10.10"]
[SourceVersion "1"]
[SourceVersionDate "2023.10.10"]
[SourceQuality "1"]

1. Nf3 d5 2. b3 Nf6 3. Bb2 e6 4. e3 Be7 5. c4 c5 6. Nc3 0-0 7. Be2 b6 8. cxd5 exd5 9. d4 Nc6 10. 0-0 Bf5 11. Rc1 Rc8 12. Ne5 Qe8 13. Bb5 Bd7 14. Nxd7 Qxd7 15. dxc5 bxc5 16. Na4 Qb7 17. Be2 c4 18. Bxf6 Bxf6 19. Qxd5 Rfd8 20. Qxc4 Nb4 21. Nc5 Qb6 22. a3 Na2 23. Rc2 Nc3 24. b4 Nxe2+ 25. Qxe2 Be7 26. Rfc1 a5 27. Qg4 h5 28. Qc4 Rc7 29. g3 Rdc8 30. Qd4 Rd8 31. Qe5 Bf6 32. Qe4 Rb8 33. Rc4 Bb2 34. Na4 Rxc4 35. Rxc4 Qf6 36. Nxb2 Qxb2 37. bxa5 Qxa3 38. Qf5 Qa1+ 39. Kg2 g6 40. Qf4 Ra8 41. Rc7 Qa2 42. Rc5 Qa3 43. Rb5 Qd3 44. Rb8+ Rxb8 45. Qxb8+ Kg7 46. Qe5+ Kg8 47. h4 Qa6 48. Qb8+ Kg7 49. Qb2+ Kg8 50. Qb6 Qa8+ 51. Kg1 Qf3 52. a6 Qd1+ 53. Kg2 Qd5+ 54. Kh2 Qf5 55. e4 Qxe4 56. a7 g5 57. Qb8+ Kg7 58. a8Q Qe2 59. Qh8+ Kg6 60. Qag8+ 1-0

[Event "ESP-ch U14"]
[Site "Salobrena"]
[Date "2023.07.18"]
[Round "3"]
[White "Jimenez Carrazoni, Marta Elena"]
[Black "Pardo Ruiz, Carlos"]
[Result "0-1"]
[WhiteElo "1733"]
[BlackElo "2030"]
[PlyCount "96"]
[EventDate "2023.07.17"]
[EventType "swiss"]
[EventRounds "9"]
[EventCountry "ESP"]
[SourceTitle "EXT 2024"]
[Source "ChessBase"]
[SourceDate "2023.10.10"]
[SourceVersion "1"]
[SourceVersionDate "2023.10.10"]
[SourceQuality "1"]

1. d4 d5 2. c4 e6 3. Nc3 c6 4. cxd5 exd5 5. Nf3 Bf5 6. Qb3 Qb6 7. Qxb6 axb6 8. Bf4 Nd7 9. e3 Ngf6 10. Nh4 Bg6 11. Nxg6 hxg6 12. h3 Bb4 13. Bd3 Ne4 14. Bxe4 dxe4 15. Kd2 b5 16. Rhb1 Nb6 17. Kc2 Bxc3 18. bxc3 Kd7 19. Rb4 Nd5 20. Kb2 f6 21. Bg3 g5 22. Rb3 Ra4 23. Rc1 Rha8 24. Ra1 Nb6 25. Kb1 Ke6 26. Rb2 Kd5 27. f3 Nc4 28. Re2 Ra3 29. Be1 Re8 30. Kc2 exf3 31. gxf3 Rxe3 32. Rxe3 Nxe3+ 33. Kd3 Nf5 34. Bd2 b4 35. Rb1 bxc3 36. Bc1 c2+ 37. Kxc2 Nxd4+ 38. Kd1 Rxf3 39. Rxb7 Rxh3 40. Rxg7 Rh1+ 41. Kd2 Rh2+ 42. Kd3 Rh3+ 43. Kd2 Kc4 44. Ra7 Rh2+ 45. Kd1 Nb5 46. Ra8 Kd3 47. Re8 Rh1+ 48. Re1 Nc3# 0-1

[Event "ESP-ch U14"]
[Site "Salobrena"]
[Date "2023.07.18"]
[Round "9"]
[White "Martinez Soriano, Pablo"]
[Black "Pardo Ruiz, Carlos"]
[Result "1-0"]
[WhiteElo "1906"]
[BlackElo "2030"]
[PlyCount "73"]
[EventDate "2023.07.17"]
[EventType "swiss"]
[EventRounds "9"]
[EventCountry "ESP"]
[SourceTitle "EXT 2024"]
[Source "ChessBase"]
[SourceDate "2023.10.10"]
[SourceVersion "1"]
[SourceVersionDate "2023.10.10"]
[SourceQuality "1"]

1. e4 c5 2. Nf3 d6 3. d4 cxd4 4. Nxd4 Nf6 5. Nc3 g6 6. Be2 Bg7 7. Be3 0-0 8. 0-0 Nc6 9. f4 Bd7 10. Kh1 Rc8 11. Bf3 a6 12. Nb3 b5 13. a3 Be6 14. Nd4 Nxd4 15. Bxd4 Qc7 16. Rc1 Qc4 17. b3 Qc7 18. Qd3 Nd7 19. Ne2 Bxd4 20. Nxd4 Qc3 21. f5 Bxb3 22. Qxc3 Rxc3 23. cxb3 Rd3 24. Rfd1 Rxd1+ 25. Bxd1 e5 26. fxe6 fxe6 27. Bg4 Ne5 28. Bxe6+ Kh8 29. Kg1 Rf4 30. Bd5 Rf8 31. Rc7 h6 32. Ne6 Rf6 33. Ra7 Ng4 34. Ra8+ Kh7 35. Nf8+ Kg7 36. Nd7 Ne3 37. Rg8+ 1-0

[Event "ESP-ch U14"]
[Site "Salobrena"]
[Date "2023.07.17"]
[Round "1"]
[White "Antonanzas Fernandez, Mario"]
[Black "Pardo Ruiz, Carlos"]
[Result "0-1"]
[WhiteElo "1500"]
[BlackElo "2030"]
[PlyCount "116"]
[EventDate "2023.07.17"]
[EventType "swiss"]
[EventRounds "9"]
[EventCountry "ESP"]
[SourceTitle "EXT 2024"]
[Source "ChessBase"]
[SourceDate "2023.10.10"]
[SourceVersion "1"]
[SourceVersionDate "2023.10.10"]
[SourceQuality "1"]

1. e4 c5 2. Nf3 d6 3. d4 cxd4 4. Nxd4 Nf6 5. f3 e5 6. Nb3 d5 7. Bb5+ Bd7 8. Bxd7+ Qxd7 9. exd5 Qxd5 10. 0-0 Nc6 11. Nc3 Qxd1 12. Rxd1 Be7 13. Be3 0-0 14. Nd5 Rfd8 15. Nxe7+ Nxe7 16. Rxd8+ Rxd8 17. Bxa7 h6 18. Bc5 Nc6 19. Re1 Nh5 20. Kf2 f5 21. g3 Nf6 22. c3 Kf7 23. Re2 g5 24. Rd2 Re8 25. Re2 g4 26. f4 Ne4+ 27. Ke1 exf4 28. gxf4 h5 29. Bf2 Ne7 30. Nc5 Nd5 31. Nd3 Rh8 32. Bh4 Ra8 33. a3 b5 34. Ne5+ Kg7 35. Bg3 Rh8 36. Nd3 h4 37. Bf2 Rh6 38. Kf1 g3 39. Bg1 Kf8 40. h3 Kg8 41. Kg2 Rd6 42. Bd4 Rd8 43. Kg1 Ne7 44. Ne5 Kh7 45. Nf7 Rd7 46. Ng5+ Nxg5 47. fxg5 Kg6 48. Re6+ Kh5 49. Bf6 Ng6 50. Re8 Rd1+ 51. Kg2 Nf4+ 52. Kf3 Rf1+ 53. Ke3 g2 54. Rh8+ Kg6 55. Rg8+ Kf7 56. Rg7+ Kf8 57. Rb7 g1Q+ 58. Kd2 Qf2# 0-1

[Event "ESP-ch U14 Rapid"]
[Site "Salobrena"]
[Date "2022.07.24"]
[Round "7"]
[White "Juan Lepp, Jaime Boris"]
[Black "Pardo Ruiz, Carlos"]
[Result "0-1"]
[WhiteElo "1532"]
[BlackElo "1399"]
[PlyCount "144"]
[EventDate "2022.07.23"]
[EventType "swiss (rapid)"]
[EventRounds "9"]
[EventCountry "ESP"]
[SourceTitle "EXT 2023"]
[Source "ChessBase"]
[SourceDate "2022.10.05"]
[SourceVersion "1"]
[SourceVersionDate "2022.10.05"]
[SourceQuality "1"]

1. e4 Nf6 2. Nc3 e5 3. Bc4 Nc6 4. d3 h6 5. f4 exf4 6. Bxf4 Na5 7. Nf3 Nxc4 8. dxc4 Bc5 9. Qd3 b6 10. 0-0-0 Ng4 11. Ne5 Nxe5 12. Bxe5 Qg5+ 13. Bf4 Qxf4+ 14. Kb1 0-0 15. Rdf1 Qe5 16. Rf5 Qd4 17. Qe2 Ba6 18. Nb5 Bxb5 19. cxb5 d6 20. Rhf1 Rae8 21. R5f4 Qe3 22. Qh5 Rxe4 23. Rxe4 Qxe4 24. a3 Qe5 25. Qf3 f6 26. g4 Qxh2 27. Rh1 Qe5 28. Qb3+ Kh8 29. Qd3 d5 30. Rh5 Qe1+ 31. Ka2 d4 32. Qg6 Qe6+ 33. Ka1 Qf7 34. Qf5 Re8 35. Rh1 Bd6 36. Qf3 Qe6 37. Qg2 Qe4 38. Qf1 Qxg4 39. Rg1 Qf4 40. Qg2 Re7 41. Qa8+ Kh7 42. Qg2 Qe4 43. Qd2 Qe3 44. Qg2 Qe4 45. Qf2 d3 46. cxd3 Qxd3 47. Rh1 Qe4 48. Rf1 Qe5 49. Rh1 Bxa3 50. Qc2+ Kg8 51. Qb3+ Kh8 52. Qxa3 Qe4 53. Rd1 Re8 54. Qc3 Qe5 55. Qd3 Qc5 56. Qd7 Qe7 57. Qd4 f5 58. Rg1 Qf7 59. Qf4 Re7 60. Rf1 Rd7 61. Qf2 Qd5 62. Rg1 Qxb5 63. Qe3 Qa4+ 64. Kb1 Rd1+ 65. Rxd1 Qxd1+ 66. Ka2 Qd7 67. Qa3 c5 68. Qg3 Qf7+ 69. Ka1 c4 70. Qc3 Qd5 71. Qb4 Qa5+ 72. Qxa5 bxa5 0-1

[Event "ESP-ch U14 Rapid"]
[Site "Salobrena"]
[Date "2022.07.24"]
[Round "5"]
[White "Marcos Rodriguez, Raul"]
[Black "Pardo Ruiz, Carlos"]
[Result "0-1"]
[WhiteElo "1656"]
[BlackElo "1399"]
[PlyCount "172"]
[EventDate "2022.07.23"]
[EventType "swiss (rapid)"]
[EventRounds "9"]
[EventCountry "ESP"]
[SourceTitle "EXT 2023"]
[Source "ChessBase"]
[SourceDate "2022.10.05"]
[SourceVersion "1"]
[SourceVersionDate "2022.10.05"]
[SourceQuality "1"]

1. d4 c5 2. Nf3 Nf6 3. e3 d5 4. c3 e6 5. Bd3 Nc6 6. Nbd2 Be7 7. Qe2 0-0 8. dxc5 Bxc5 9. e4 d4 10. cxd4 Nxd4 11. Nxd4 Bxd4 12. e5 Bxe5 13. Bxh7+ Kxh7 14. Qxe5 Qd3 15. Qe2 Qd5 16. 0-0 Bd7 17. Nf3 Bc6 18. Rd1 Qa5 19. Bd2 Qb6 20. Bc3 Ne4 21. Bd4 Qa5 22. Ne5 Qd5 23. Qd3 Kg8 24. Nxc6 Qxc6 25. Rac1 Qd5 26. Qe3 Qf5 27. f3 Nf6 28. Qf2 Nd5 29. Rc5 b6 30. Rc6 Nf4 31. Kh1 Rfd8 32. g3 Nh3 33. Qf1 Ng5 34. Rcc1 Nxf3 35. Bg1 Qe4 36. Qg2 Ng5 37. Qxe4 Nxe4 38. Re1 Nf6 39. Rc7 Nd5 40. Rb7 Kf8 41. Rc1 Ke8 42. Kg2 Rac8 43. Rf1 Rc2+ 44. Rf2 Rdc8 45. Rxa7 Rxf2+ 46. Bxf2 Rc2 47. b3 Nb4 48. Rb7 Nd3 49. Rxb6 Rxf2+ 50. Kh3 Rxa2 51. Rb8+ Ke7 52. Rb7+ Kf6 53. b4 g5 54. b5 Kg6 55. b6 f5 56. g4 Nf2+ 57. Kg3 Nxg4 58. Rb8 Rb2 59. h3 Nf6 60. Kf3 Nd7 61. Rg8+ Kf6 62. Rh8 Ne5+ 63. Ke3 Rxb6 64. Rh6+ Ng6 65. Kf2 Rb3 66. Ke2 f4 67. Kf2 Kf5 68. Rh7 Rb2+ 69. Ke1 Nh4 70. Rh8 Ke4 71. Re8 e5 72. Re7 Rh2 73. Kf1 Rxh3 74. Rg7 Rg3 75. Ra7 g4 76. Ra4+ Kf5 77. Ra8 Rb3 78. Rf8+ Ke4 79. Ra8 g3 80. Ra4+ Kf3 81. Ra1 g2+ 82. Ke1 g1Q+ 83. Kd2 Qe3+ 84. Kc2 Qd3+ 85. Kc1 Rc3+ 86. Kb2 Qc2# 0-1

[Event "ESP-ch U14 Rapid"]
[Site "Salobrena"]
[Date "2022.07.24"]
[Round "8"]
[White "Pardo Ruiz, Carlos"]
[Black "Oubina Pazos, Cesar"]
[Result "0-1"]
[WhiteElo "1399"]
[BlackElo "1483"]
[PlyCount "121"]
[EventDate "2022.07.23"]
[EventType "swiss (rapid)"]
[EventRounds "9"]
[EventCountry "ESP"]
[SourceTitle "EXT 2023"]
[Source "ChessBase"]
[SourceDate "2022.10.05"]
[SourceVersion "1"]
[SourceVersionDate "2022.10.05"]
[SourceQuality "1"]

1. e4 c5 2. Nf3 Nc6 3. Bb5 g6 4. 0-0 Bg7 5. Bxc6 dxc6 6. d3 e5 7. Be3 b6 8. Nc3 Qe7 9. Nd2 Nf6 10. f4 Nd7 11. h3 Nf8 12. Qf3 Ne6 13. f5 Nd4 14. Bxd4 cxd4 15. Ne2 Bh6 16. Nb3 gxf5 17. exf5 Bb7 18. Ng3 0-0-0 19. f6 Qd7 20. Rae1 c5 21. Qf5 Be3+ 22. Kh1 Rhg8 23. Ne4 Bxe4 24. Qxe4 Qd5 25. Qf5+ Kc7 26. Qf3 Qxf3 27. Rxf3 Rg6 28. c4 Rdg8 29. Re2 Rg3 30. Rxg3 Rxg3 31. Nd2 Bxd2 32. Rxd2 Re3 33. Kg1 Kd6 34. a3 Ke6 35. Kf2 Kxf6 36. g3 Kg5 37. b4 f5 38. bxc5 bxc5 39. Rb2 Rxd3 40. Rb5 Rxa3 41. Rxc5 e4 42. Rd5 d3 43. Ke3 Rc3 44. Ra5 Rxc4 45. Rxa7 Rc2 46. Rd7 Re2+ 47. Kd4 d2 48. Kc3 e3 49. Rg7+ Kf6 50. Rd7 Re1 51. Kc2 Rc1+ 52. Kb2 d1Q 53. Rxd1 Rxd1 54. Kc2 Rd8 55. g4 e2 56. g5+ Kxg5 57. h4+ Kxh4 58. Kb3 Rb8+ 59. Kc4 Rb4+ 60. Kc5 Rb6 61. Kd4 0-1

[Event "ESP-ch U14"]
[Site "Salobrena"]
[Date "2022.07.20"]
[Round "4"]
[White "Bethencourt Hernandez, Alberto"]
[Black "Pardo Ruiz, Carlos"]
[Result "0-1"]
[WhiteElo "1681"]
[BlackElo "1868"]
[PlyCount "126"]
[EventDate "2022.07.18"]
[EventType "swiss"]
[EventRounds "9"]
[EventCountry "ESP"]
[SourceTitle "EXT 2023"]
[Source "ChessBase"]
[SourceDate "2022.10.05"]
[SourceVersion "1"]
[SourceVersionDate "2022.10.05"]
[SourceQuality "1"]

1. e4 c5 2. Nf3 g6 3. d4 cxd4 4. Qxd4 Nf6 5. Nc3 Nc6 6. Qa4 d6 7. e5 dxe5 8. Nxe5 Bd7 9. Nxd7 Nxd7 10. Bd2 Nb6 11. Qe4 Bg7 12. Bb5 0-0 13. Rd1 Qc7 14. 0-0 e5 15. Bxc6 bxc6 16. Qh4 f5 17. Bh6 Bxh6 18. Qxh6 Rad8 19. Qh4 e4 20. Ne2 Nd5 21. c4 Nf6 22. Qf4 Qxf4 23. Nxf4 Kf7 24. Ne2 Ng4 25. h3 Ne5 26. b3 Nd3 27. Nc1 Nxc1 28. Rxc1 Rd2 29. Rfd1 Rfd8 30. Rxd2 Rxd2 31. Ra1 Ke6 32. b4 Rc2 33. b5 Rxc4 34. bxc6 Rxc6 35. Rb1 Ra6 36. Rb2 Kd5 37. Kf1 h6 38. Ke2 Rb6 39. Rc2 a6 40. Ke3 g5 41. g3 a5 42. f4 exf3 43. Rd2+ Ke5 44. Rc2 Rd6 45. Rc5+ Rd5 46. Rc4 f4+ 47. gxf4+ gxf4+ 48. Kxf3 Rd3+ 49. Kg2 Rd2+ 50. Kf3 Rxa2 51. Rc5+ Kd4 52. Rh5 a4 53. Rxh6 a3 54. Kxf4 Ra1 55. Rd6+ Kc5 56. Ra6 a2 57. h4 Rf1+ 58. Kg5 a1Q 59. Rxa1 Rxa1 60. h5 Kd6 61. Kg6 Ke7 62. Kh7 Kf6 63. h6 Rh1 0-1

[Event "Alicante IRT op 15th"]
[Site "Alicante"]
[Date "2021.09.24"]
[Round "1"]
[White "Torres Bosch, Jose Francisco"]
[Black "Pardo Ruiz, Carlos"]
[Result "1-0"]
[WhiteElo "2165"]
[BlackElo "1756"]
[PlyCount "79"]
[EventDate "2021.09.24"]
[EventType "swiss"]
[EventRounds "7"]
[EventCountry "ESP"]
[SourceTitle "CBM 204 Extra"]
[Source "ChessBase"]
[SourceDate "2021.11.30"]
[SourceVersion "1"]
[SourceVersionDate "2021.11.30"]
[SourceQuality "1"]

1. e4 Nf6 2. e5 Nd5 3. d4 d6 4. Nf3 Bg4 5. Be2 Nc6 6. e6 fxe6 7. 0-0 Qd7 8. h3 Bh5 9. c4 Nb6 10. d5 Nb4 11. a3 Na6 12. b4 0-0-0 13. Nc3 Bf7 14. Ng5 Bg8 15. Bg4 Kb8 16. Nxe6 Bxe6 17. Bxe6 Qe8 18. Qd4 Nd7 19. Be3 b6 20. Rfb1 Qg6 21. a4 Ne5 22. Kh2 Qd3 23. c5 Qxd4 24. Bxd4 Nd3 25. cxb6 axb6 26. a5 Kb7 27. axb6 cxb6 28. Na4 Nc7 29. Bxb6 Nxe6 30. dxe6 Rc8 31. Bd4 Rc4 32. Be3 g6 33. Nb6 Rc2 34. Nd5 Kc6 35. Bd4 Rg8 36. Ne3 Rxf2 37. b5+ Kb7 38. Ra7+ Kb8 39. Rba1 Nc5 40. Nd5 1-0

[Event "ESP-ch U12"]
[Site "Salobrena"]
[Date "2021.07.10"]
[Round "9"]
[White "Lorente Melcon, Hector"]
[Black "Pardo Ruiz, Carlos"]
[Result "0-1"]
[WhiteElo "1388"]
[BlackElo "1675"]
[PlyCount "70"]
[EventDate "2021.07.05"]
[EventType "swiss"]
[EventRounds "9"]
[EventCountry "ESP"]
[SourceTitle "EXT 2022"]
[Source "ChessBase"]
[SourceDate "2021.10.06"]
[SourceVersion "1"]
[SourceVersionDate "2021.10.06"]
[SourceQuality "1"]

1. e4 Nf6 2. e5 Nd5 3. d4 d6 4. Nf3 Bg4 5. Be2 Nc6 6. 0-0 dxe5 7. Nxe5 Bxe2 8. Nxc6 Bxd1 9. Nxd8 Be2 10. Re1 Ba6 11. Nxf7 Kxf7 12. c3 e6 13. Bg5 Bd6 14. a4 Nf4 15. b4 b6 16. b5 Bb7 17. f3 a6 18. c4 axb5 19. cxb5 Nd5 20. Nd2 h6 21. Bh4 Bb4 22. Re2 Nc3 23. Rf2 Rxa4 24. Rxa4 Nxa4 25. Ne4 Nc3 26. Nxc3 Bxc3 27. Ra2 Bxd4+ 28. Kf1 Ra8 29. Rc2 Bc5 30. Bg3 c6 31. Rd2 Ke8 32. Re2 Ra1+ 33. Be1 Ke7 34. bxc6 Bxc6 35. Rb2 Bd5 0-1

[Event "ESP-ch U12"]
[Site "Salobrena"]
[Date "2021.07.09"]
[Round "8"]
[White "Pardo Ruiz, Carlos"]
[Black "Fuentes Guinot, Alejandro"]
[Result "0-1"]
[WhiteElo "1675"]
[BlackElo "1592"]
[PlyCount "110"]
[EventDate "2021.07.05"]
[EventType "swiss"]
[EventRounds "9"]
[EventCountry "ESP"]
[SourceTitle "EXT 2022"]
[Source "ChessBase"]
[SourceDate "2021.10.06"]
[SourceVersion "1"]
[SourceVersionDate "2021.10.06"]
[SourceQuality "1"]

1. e4 e5 2. Nf3 Nc6 3. Bb5 a6 4. Bxc6 dxc6 5. 0-0 Bg4 6. h3 h5 7. d3 Qf6 8. Nbd2 Ne7 9. Re1 Ng6 10. d4 Nf4 11. hxg4 hxg4 12. g3 gxf3 13. Qxf3 Ne6 14. Qxf6 gxf6 15. dxe5 fxe5 16. c3 0-0-0 17. Nf3 f6 18. Be3 Bc5 19. b4 Bxe3 20. Rxe3 Rd7 21. a4 Kb8 22. Nh4 Ng5 23. Nf3 Ne6 24. Nh4 Ng5 25. Nf5 Rdh7 26. Nh4 Rd7 27. Ng6 Rh6 28. Nh4 Rh8 29. Nf3 Nxf3+ 30. Kg2 Ng5 31. f4 exf4 32. gxf4 Ne6 33. f5 Ng5 34. e5 fxe5 35. Rxe5 Nf7 36. Re2 Nd6 37. f6 Rf7 38. Re6 Rhf8 39. Rf1 Ne8 40. Rf3 Nxf6 41. Rg3 Nd5 42. Re1 Rf2+ 43. Kg1 R2f3 44. Rg4 Rf1+ 45. Rxf1 Rxf1+ 46. Kxf1 Ne3+ 47. Ke2 Nxg4 48. Kd3 Ne5+ 49. Kd4 Nd7 50. a5 b6 51. Kc4 Kb7 52. Kd4 c5+ 53. Kd5 cxb4 54. cxb4 c5 55. bxc5 bxc5 0-1